Flora republicii Populare Române. I /

Uložené v:
Podrobná bibliografia
Ďalší autori: Săvulescu, Traian, 1889-1963 (Editor)
Médium: Kniha
Jazyk:Romanian
Vydané: Bucureşti : Academia Republicii Populare Române, 1952.
Vydanie:1. ediție
ISBN: (viaz.)
Fyzický popis: 656 s. : il.
Tagy: Pridať tag
Žiadne tagy, Buďte prvý kto otaguje tento záznam!

MARC

LEADER 00000nam a2200000 a 4500
001 000469621
005 20150516122241.0
008 120425s1952 rm a g 000 0 rum d
020 |a (viaz.) 
040 |a SVKKK  |b slo  |c SVKKK  |e AACR2 
041 0 |a rum 
044 |a rm  |c RO 
245 0 0 |a Flora republicii Populare Române.  |n I /  |c redaktor Traian Săvulescu. 
250 |a 1. ediție 
260 |a Bucureşti :  |b Academia Republicii Populare Române,  |c 1952. 
300 |a 656 s. :  |b il. 
700 1 |a Săvulescu, Traian,  |d 1889-1963  |4 edt 
910 |a svkkk 
998 |a BK 
090 |g SCKHL  |k Sklad Pribinova 1. posch.  |a IV.20956  |j 187041  |i 469621-10  |s Prezenčne